000
00309nam a22001337a 4500
008
171005b xxu||||| |||| 00| 0 eng d
020
_a
9780521834247
041
_a
eng
080
_a
159.9
100
_a
49
101
_a
PSI
245
_a
WHY LIFE SPEEDS UP AS YOU GET OLEDER
_c
DRAAISMA, D
942
_2
udc
_c
BK
999
_c
31984
_d
31984